000 00454nam a2200181Ia 4500
008 151202s9999||||xx |||||||||||||| ||und||
082 _bPNVM-4638
100 _aHODSON JAMES LANSDALE.
245 _aNO PHANTOMS HERE.
260 _bFABER AND FABER LONDON.
260 _c0
300 _a0
600 _aHODSON JAMES LANSDALE.
630 _aNO PHANTOMS HERE.
700 _aHODSON JAMES LANSDALE.
730 _aNO PHANTOMS HERE.
942 _cBOOK
999 _c1270636
_d1270633